Hearts of Iron 4 Flag Quiz - Statistics

General Stats
  • This quiz has been taken 23 times
    7 since last reset
  • The average score is 86 of 98
Answer Stats
Picture Hint Answer % Correct
Afghanistan
100%
Albania
100%
Argentina
100%
Australia
100%
Austria
100%
Belgium
100%
Bhutan
100%
Bolivia
100%
Brazil
100%
British Raj
100%
Bulgaria
100%
Canada
100%
Chile
100%
China
100%
Colombia
100%
Costa Rica
100%
Cuba
100%
Czechoslovakia
100%
Denmark
100%
Dominican Republic
100%
Ecuador
100%
El Salvador
100%
Estonia
100%
Ethiopia
100%
Finland
100%
France
100%
Germany
100%
Greece
100%
Guatemala
100%
Haiti
100%
Honduras
100%
Hungary
100%
Iceland
100%
Iran
100%
Iraq
100%
Ireland
100%
Italy
100%
Japan
100%
Latvia
100%
Lebanon
100%
Liberia
100%
Lithuania
100%
Luxembourg
100%
Mexico
100%
Nepal
100%
Netherlands
100%
New Zealand
100%
Nicaragua
100%
Norway
100%
Panama
100%
Paraguay
100%
Peru
100%
Philippines
100%
Portugal
100%
Romania
100%
Saudi Arabia
100%
Siam
100%
South Africa
100%
Soviet Union
100%
Spain
100%
Sweden
100%
Switzerland
100%
Syria
100%
Tibet
100%
Turkey
100%
United Kingdom
100%
United States
100%
Uruguay
100%
Venezuela
100%
Yugoslavia
100%
Chinese Soviet Republic
83%
Mongolia
83%
Middle Eastern nation Oman
83%
Transjordan
83%
Belgian Congo
67%
Dutch East Indies
67%
Gansu Ma
67%
Guangdong Clique
67%
Guangxi Clique
67%
Khotan Ma
67%
Manchukuo
67%
Mengjiang
67%
Qinghai Ma
67%
Shanxi Clique
67%
Yemen
67%
African nation Aussa
50%
British Burma
50%
British Malaya
50%
Kuwait
50%
Mandatory Palestine
50%
Ningxia Ma
50%
Sinkiang
50%
Tannu Tuva
50%
Yunnan
50%
Hebei-Chahar
33%
Northeastern Army
33%
Shandong Clique
33%
Sichuan Clique
17%
No matching quizzes found
Score Distribution
Percent of People with Each Score
Percentile by Number Answered
Your Score History
You have not taken this quiz since the last reset